Countries with the Most Bitcoin Nodes - Statistics

General Stats
  • This quiz has been taken 223 times
    146 since last reset
  • The average score is 11 of 15
Answer Stats
Nodes Country % Correct
1920 United States
99%
148 China
96%
301 Canada
95%
188 Russia
92%
236 United Kingdom
92%
490 France
90%
1425 Germany
90%
116 Japan
87%
130 Australia
80%
77 Sweden
69%
375 Netherlands
61%
235 Finland
58%
132 Switzerland
58%
85 Czechia
41%
156 Singapore
36%
No matching quizzes found
Score Distribution
Percent of People with Each Score
Percentile by Number Answered
Your Score History
You have not taken this quiz since the last reset